000 00701 a2200229 4500
005 20260317124741.0
008 260317b |||||||| |||| 00| 0 eng d
020 _a9789390887620 (hbk)
037 _cTB
040 _aCRL
_cCRL
041 _2URD
_aURD
084 _aO168,3NKH,MA R2
_bCRL
100 _aKhan, Mohammad Hafeez
_91115437
245 _aMantara
260 _aLucknow, India:
_bMatterlink Publishers,
_c2022.
300 _a255p.
365 _b500.00
_cINR
650 _aUrdu Literature
650 _aUrdu Fiction
942 _cTB
_2CC
_hO168,3NKH,MA R2
999 _c1679446
_d1679446